100 Biggest Cities of Malaysia on a Map - Statistics

General Stats
  • This quiz has been taken 303 times
  • The average score is 24 of 100
Answers on the Map
Answers color-coded by a green-red scale on the quiz's map according to % correct below.
 
Answer Stats
Population City % Correct
1,588,750 Kuala Lumpur
94%
198,300 George Town
80%
809,900 Johor Bahru
80%
511,500 Kuching
76%
665,600 Ipoh
72%
414,400 Kota Kinabalu
70%
181,400 Malacca
66%
826,400 Klang
58%
315,600 Kuala Terengganu
58%
297,700 Kota Bharu
56%
254,800 Alor Setar
52%
384,300 Kuantan
51%
68,726 Labuan
49%
68,361 Putrajaya
49%
324,200 Sandakan
49%
443,200 Shah Alam
49%
225,900 Miri
48%
245,200 Taiping
47%
614,000 Petaling Jaya
44%
374,400 Seremban
44%
257,400 Tawau
44%
121,100 Muar
43%
159,600 Kluang
40%
181,500 Sibu
40%
135,100 Bintulu
37%
718,200 Subang Jaya
37%
152,200 Batu Pahat
36%
123,900 Butterworth
36%
195,100 Sungai Petani
36%
307,200 Kajang
34%
95,200 Kangar
33%
78,300 Port Dickson
29%
107,900 Lahad Datu
27%
27,667 Pekan
27%
469,000 Ampang Jaya
26%
98,600 Rawang
26%
189,000 Pasir Gudang
25%
43,469 Semporna
24%
236,700 Bukit Mertajam
23%
27,370 Kudat
23%
183,500 Kulim
23%
77,700 Kuah
22%
136,400 Kulai
21%
50,206 Dungun
20%
86,100 Kemaman
20%
32,468 Kuala Kangsar
20%
33,348 Kuala Selangor
20%
80,100 Nilai
20%
56,448 Segamat
20%
78,100 Teluk Intan
20%
40,373 Bentong
18%
79,200 Cyberjaya
18%
25,053 Sarikei
17%
36,714 Temerloh
17%
55,947 Perai
16%
26,925 Tangkak
15%
30,452 Nibong Tebal
14%
31,810 Raub
14%
24,834 Tanah Merah
14%
27,746 Ayer Keroh
13%
46,880 Senai
13%
75,900 Jitra
12%
80,000 Keningau
12%
38,863 Kota Tinggi
12%
44,934 Simpang Empat
12%
50,274 Banting
9%
24,677 Jerantut
9%
31,545 Lumut
9%
25,728 Masjid Tanah
9%
23,676 Parit Buntar
9%
95,700 Semenyih
9%
31,523 Batu Gajah
8%
24,422 Bahau
7%
24,112 Bidor
7%
145,600 Gelugor
7%
32,260 Mentakab
7%
101,800 Balakong
6%
86,200 Donggongon
6%
30,509 Klebang
6%
61,744 Putatan
6%
32,565 Sungai Siput
6%
25,152 Jenjarom
5%
101,900 Sekudai
5%
153,100 Sungai Ara
5%
104,800 Ayer Itam
4%
88,800 Bedong
4%
38,870 Kuang
4%
22,610 Sungai Udang
4%
93,600 Ulu Tiram
4%
40,675 Pontian Kecil
3%
205,100 Selayang Baru
3%
88,600 Val d'Or
3%
47,885 Bukit Baru
2%
232,100 Batu 9 Cheras
1%
38,870 Gombak Setia
1%
27,329 Kampung Koh
1%
34,430 Pangkal Kalong
1%
23,889 Permatang Kuching
1%
80,200 Taman Greenwood
1%
23,559 Tanjong Tokong
1%
No matching quizzes found
Score Distribution
Percent of People with Each Score
Percentile by Number Answered
Your Score History
You have not taken this quiz